Dictionary of quotations from authors old & new together with an alphabet of proverbs (Record no. 12700)
[ view plain ]
| 000 -LEADER | |
|---|---|
| fixed length control field | 00440nam a2200133Ia 4500 |
| 082 ## - DEWEY DECIMAL CLASSIFICATION NUMBER | |
| Classification number | RR 808.882 DIC; |
| 245 #0 - TITLE STATEMENT | |
| Title | Dictionary of quotations from authors old & new together with an alphabet of proverbs |
| 260 ## - PUBLICATION, DISTRIBUTION, ETC. (IMPRINT) | |
| Place of publication | London |
| Name of publisher | J.M. Dent Publications |
| Year of publication | 0 |
| 300 ## - PHYSICAL DESCRIPTION | |
| Number of Pages | 2v. |
| 500 ## - GENERAL NOTE | |
| General note | Contents: Vol.1.(xv,380p.) - v.2.(425p.) |
| 650 ## - SUBJECT ADDED ENTRY--TOPICAL TERM | |
| Topical Term | Quotations, English - Dictionaries |
| 650 ## - SUBJECT ADDED ENTRY--TOPICAL TERM | |
| Topical Term | Proverbs, English - Dictionaries |
| 942 ## - ADDED ENTRY ELEMENTS (KOHA) | |
| Koha item type | Books |
| Source of classification or shelving scheme | Dewey Decimal Classification |
| Withdrawn status | Lost status | Damaged status | Not for loan | Home library | Current library | Date acquired | Bill Date | Full call number | Accession Number | Price effective from | Koha item type |
|---|---|---|---|---|---|---|---|---|---|---|---|
| NASSDOC Library | NASSDOC Library | 08/06/2004 | 2004-10-22 | RR 808.882 DIC; | 18719 | 18/04/2019 | Books | ||||
| NASSDOC Library | NASSDOC Library | 08/06/2004 | 2004-10-22 | RR 808.882 DIC; | 18720 | 18/04/2019 | Books |
